Собрание сочинений. Т. 10: ˆ[‰Оплот (Запись № 6937450)

Подробности
000 -МАРКЕР
контрольное поле 01079nam2a22002291 4500
001 - ИДЕНТИФИКАТОР ЗАПИСИ
контрольное поле rc\601620
005 - ИДЕНТИФИКАТОР ВЕРСИИ
контрольное поле 20250621231353.0
035 ## - ДРУГИЕ СИСТЕМНЫЕ НОМЕРА
Идентификатор записи (NLR Aleph) 005971223
100 ## - ДАННЫЕ ОБЩЕЙ ОБРАБОТКИ
Данные общей обработки 20031121d1986 |||y0rusy50 ca
101 0# - ЯЗЫК РЕСУРСА
Язык текста, звукозаписи и т.д. русский
102 ## - СТРАНА ПУБЛИКАЦИИ ИЛИ ПРОИЗВОДСТВА
Страна публикации Российская Федерация
105 ## - ПОЛЕ КОДИРОВАННЫХ ДАННЫХ: ТЕКСТОВЫЕ МАТЕРИАЛЫ, МОНОГРАФИЧЕСКИЕ
Кодированные данные о монографическом текстовом документе a |||||||||
200 1# - ЗАГЛАВИЕ И СВЕДЕНИЯ ОБ ОТВЕТСТВЕННОСТИ
Основное заглавие ˆ[‰Оплот
Сведения, относящиеся к заглавию Роман
Первые сведения об ответственности Пер. Е. Калашниковой]
210 ## - ПУБЛИКАЦИЯ, РАСПРОСТРАНЕНИЕ И ДР.
Дата издания, распространения и т.д. 1986
Место издания, распространения и т.д. Б. м.
215 ## - ФИЗИЧЕСКАЯ ХАРАКТЕРИСТИКА
Специфическое обозначение материала и объем 318, [1] с., [4] л. цв. ил.
461 #0 - УРОВЕНЬ НАБОРА
Встроенное поле 001rc\601610
-- 2001#$aСобрание сочинений$eВ 12 т.$e[Перевод]$fТеодор Драйзер$g[Под общ. ред. и со вступ. ст., с. 3-44, С. Иванько$gИл. П. Пинкисевича]$vТ. 10
-- 700#1$3RU\NLR\AUTH\773596$8rus$7ca$aДрайзер$bТ.$f1871-1945$gТеодор
Системный номер (АБИС) связанной записи 9520565
Автор Драйзер, Т. (1871-1945)
Место публикации М.
Дата публикации 1986-
Первые сведения об ответственности Теодор Драйзер
Имя издателя, распространителя и т.д. Правда
Сведения, относящиеся к заглавию В 12 т. : [Перевод]
Заглавие Собрание сочинений
Номер тома Т. 10
801 #0 - ИСТОЧНИК ЗАПИСИ
Страна Российская Федерация
Организация NLR
Правила каталогизации psbo
801 #1 - ИСТОЧНИК ЗАПИСИ
Страна Российская Федерация
Организация ELAR
Источник данных rusmarc
852 ## - МЕСТОНАХОЖДЕНИЕ И ШИФР ХРАНЕНИЯ
Идентификатор организации NLR
Шифр хранения (Call Number) 86-3/605
942 ## - ДОПОЛНИТЕЛЬНЫЕ ЭЛЕМЕНТЫ ЗАПИСИ (АБИС)
Тип экземпляра АБИС Книга
980 ## - КОЛЛЕКЦИЯ
Название коллекции Национальная библиография
Экземпляры
Тип экземпляра Дата поступления Библиотека постоянного хранения Библиотека текущего хранения Место хранения Шифр хранения Штрих-код Статус экземпляра Стоимость
Книга 26.10.2013 РНБ (Московский) РНБ (Московский) Русский книжный фонд: издания с 1957 года 86-3/605 5971223-10    
Книга 10.04.2014 РНБ (Московский) РНБ (Московский) Фонд общего зала литературы по филологии, педагогике и искусству (гуманитарной литературы) Л1 Ш6(7США)/Д-722 1-461563   1.90